[Event "Festival SSM A Agosto"]
[Site "Milano ITA"]
[Date "2015.08.02"]
[Round "4"]
[White "Zuliani, Francesco"]
[Black "Capone, Vincenzo"]
[Result "1/2-1/2"]
[WhiteElo "1877"]
[BlackElo "2173"]
[PlyCount "103"]
[EventDate "2015.07.31"]
[SourceDate "2015.08.08"]

1. e4 c5 2. c3 e6 3. d4 d5 4. exd5 exd5 5. Bb5+ Bd7 6. Qe2+ Qe7 7. Be3 a6 8.
Bxd7+ Nxd7 9. Nf3 Ngf6 10. O-O c4 11. Re1 h6 12. Nbd2 O-O-O 13. b3 cxb3 14.
axb3 Qd6 15. Rec1 Kb8 16. g3 g5 17. c4 Bg7 18. c5 Qc6 19. b4 Ne4 20. Nb3 Rc8
21. Na5 Qb5 22. Qxb5 axb5 23. c6 Nb6 24. cxb7 Rxc1+ 25. Rxc1 Nc4 26. Ne5 Nxa5
27. bxa5 Kxb7 28. f3 Nd6 29. Rc5 Nc4 30. Nxc4 bxc4 31. Rxd5 Rc8 32. Rc5 Rxc5
33. dxc5 Bc3 34. c6+ Kxc6 35. a6 Be5 36. Kf2 f5 37. Ke2 Bf6 38. g4 f4 39. Bf2
Bd8 40. a7 Kb7 41. Kd2 Bf6 42. Kc2 Be5 43. Bc5 Bg7 44. Kb1 Bf6 45. Ka2 Bg7 46.
Ka3 Bc3 47. h3 Bg7 48. Kb4 c3 49. Kb3 Ka8 50. Kc2 Kb7 51. Kd3 Bf6 52. Kc2
1/2-1/2

[Event "Festival SSM A Agosto"]
[Site "Milano ITA"]
[Date "2015.08.02"]
[Round "4"]
[White "Motola, Jacopo"]
[Black "Bracci, Andrea"]
[Result "1-0"]
[WhiteElo "2164"]
[BlackElo "1878"]
[PlyCount "120"]
[EventDate "2015.07.31"]
[SourceDate "2015.08.08"]

1. e4 c5 2. Nf3 e6 3. c3 d5 4. e5 Nc6 5. d4 Qc7 6. Be2 Bd7 7. O-O f6 8. Bf4
O-O-O 9. a3 h6 10. dxc5 fxe5 11. Nxe5 Nxe5 12. Qd4 Bxc5 13. Qxe5 Qxe5 14. Bxe5
Nf6 15. Nd2 Bb6 16. Bd3 Bc7 17. f4 Bb6+ 18. Bd4 Bxd4+ 19. cxd4 Bc6 20. Rfe1 Ne4
21. Nxe4 dxe4 22. Bxe4 Bxe4 23. Rxe4 Rd6 24. Rae1 Rhd8 25. Rxe6 Rxd4 26. g3 Rd2
27. R6e2 R8d7 28. Kf2 Rxe2+ 29. Rxe2 Kd8 30. Kf3 Rd6 31. Kg4 g6 32. Kf3 Kd7 33.
h3 Rd3+ 34. Re3 Rd1 35. h4 h5 36. Rb3 b6 37. Ke2 Rh1 38. Kd2 Rg1 39. Re3 Rb1
40. Kc2 Rg1 41. Kc3 Kd6 42. Kc4 a6 43. a4 Rc1+ 44. Kb4 Rb1 45. b3 Rg1 46. a5
Kc7 47. axb6+ Kb7 48. Kc4 Rc1+ 49. Kd5 Rd1+ 50. Ke6 Rc1 51. Kf7 Rc6 52. Re7+
Kb8 53. Re6 Rc3 54. Rxg6 Rxb3 55. g4 Rf3 56. gxh5 Rxf4+ 57. Kg7 Rxh4 58. h6 Kb7
59. h7 a5 60. h8=Q Rg4 1-0

[Event "Festival SSM A Agosto"]
[Site "Milano ITA"]
[Date "2015.08.02"]
[Round "4"]
[White "Botta, Massimiliano"]
[Black "Pelizzola, Danilo"]
[Result "1-0"]
[WhiteElo "2031"]
[BlackElo "2064"]
[PlyCount "137"]
[EventDate "2015.07.31"]
[SourceDate "2015.08.08"]

1. e4 e5 2. Nf3 Nc6 3. Bb5 a6 4. Ba4 Nf6 5. d3 d6 6. c3 g6 7. O-O Bg7 8. Nbd2
O-O 9. Re1 b5 10. Bc2 Bb7 11. d4 exd4 12. cxd4 Nd7 13. Nf1 Re8 14. Bg5 Bf6 15.
h4 Qe7 16. Qd2 Qf8 17. Ne3 h6 18. Bf4 Bg7 19. Nd5 Rac8 20. h5 Ne7 21. Nh4 Nxd5
22. exd5 Bxd5 23. hxg6 Nf6 24. gxf7+ Bxf7 25. Nf5 h5 26. Nxg7 Qxg7 27. Bh6 Qg4
28. f3 Qg3 29. Bf5 Ra8 30. Bg4 Nh7 31. Bd7 Rxe1+ 32. Rxe1 Qg6 33. Bc6 Rd8 34.
Re7 d5 35. Rxc7 Nf8 36. Bxf8 Kxf8 37. Qb4+ Kg8 38. Qe7 Rf8 39. f4 Qf5 40. Qg5+
Qxg5 41. fxg5 Be6 42. Re7 Bf7 43. Ra7 Rb8 44. Rxa6 Kg7 45. Ra5 Rc8 46. Bxb5 Kg6
47. Bd3+ Kxg5 48. Rc5 Rb8 49. b3 Rb4 50. Bc4 Kg6 51. Bxd5 Be8 52. Bf3 Kf6 53.
Bxh5 Bd7 54. Rc4 Rb5 55. Bf3 Ra5 56. a4 Be6 57. d5 Bf7 58. Kf2 Ke5 59. Ke3 Bxd5
60. Bxd5 Kxd5 61. g4 Ra8 62. g5 Rb8 63. Rd4+ Ke5 64. Rd3 Rb4 65. Rc3 Rg4 66.
Rc5+ Kd6 67. Rb5 Kc6 68. Kf3 Rd4 69. g6 1-0

[Event "Festival SSM A Agosto"]
[Site "Milano ITA"]
[Date "2015.08.02"]
[Round "4"]
[White "Corti, Massimo"]
[Black "D'Alfonso, Nicola"]
[Result "1/2-1/2"]
[WhiteElo "1938"]
[BlackElo "2038"]
[PlyCount "53"]
[EventDate "2015.07.31"]
[SourceDate "2015.08.08"]

1. d4 f5 2. c4 Nf6 3. g3 e6 4. Bg2 c6 5. Nf3 d5 6. b3 Bd6 7. O-O Qe7 8. a4 a5
9. Ba3 Bxa3 10. Nxa3 Na6 11. Ne5 Nd7 12. f4 Nxe5 13. fxe5 O-O 14. Qd2 Nb4 15.
Rfc1 h5 16. Nc2 Nxc2 17. Rxc2 h4 18. Rc3 dxc4 19. Rxc4 hxg3 20. hxg3 Bd7 21. b4
axb4 22. Qxb4 Qxb4 23. Rxb4 b5 24. e3 Ra7 25. Bf3 Rfa8 26. Bd1 Kf7 27. Ra2
1/2-1/2

[Event "Festival SSM A Agosto"]
[Site "Milano ITA"]
[Date "2015.08.02"]
[Round "4"]
[White "Pirrello, Christian"]
[Black "Bemporad, Filippo"]
[Result "1/2-1/2"]
[WhiteElo "1922"]
[BlackElo "2042"]
[PlyCount "89"]
[EventDate "2015.07.31"]
[SourceDate "2015.08.08"]

1. d4 Nf6 2. c4 g6 3. Nc3 d5 4. cxd5 Nxd5 5. Nf3 Bg7 6. Qb3 Nb6 7. Bg5 O-O 8.
e3 Bf5 9. Be2 h6 10. Bh4 N8d7 11. O-O Nf6 12. Rfd1 c6 13. Ne5 Be6 14. Qc2 Re8
15. Bxf6 exf6 16. Nd3 Bf5 17. Qb3 Bxd3 18. Bxd3 f5 19. Ne2 Qe7 20. Nf4 Rad8 21.
Nxg6 Qg5 22. Ne5 Bxe5 23. dxe5 f4 24. exf4 Qxf4 25. e6 fxe6 26. Bg6 Rxd1+ 27.
Rxd1 Re7 28. Qd3 Nd5 29. Be4 Kg7 30. Bf3 Qf6 31. b3 Rd7 32. Qe4 Re7 33. Qg4+
Kf7 34. Qe4 Qf5 35. Qd4 a6 36. Qh4 Qf6 37. Qe4 Kg7 38. Qg4+ Qg6 39. Qd4+ Qf6
40. Qe4 Qg6 41. Qe5+ Qf6 42. Qe4 Qg6 43. Qh4 Qf6 44. Qe4 Qg6 45. Qh4 1/2-1/2

[Event "Festival SSM A Agosto"]
[Site "Milano ITA"]
[Date "2015.08.02"]
[Round "4"]
[White "Colombo, Luca"]
[Black "Beltrami, Francesco"]
[Result "1/2-1/2"]
[WhiteElo "1832"]
[BlackElo "1809"]
[PlyCount "120"]
[EventDate "2015.07.31"]
[SourceDate "2015.08.08"]

1. e4 c5 2. c3 d5 3. exd5 Qxd5 4. d4 cxd4 5. cxd4 e5 6. dxe5 Qxe5+ 7. Qe2 Nc6
8. Qxe5+ Nxe5 9. Nc3 Bb4 10. Bd2 Be6 11. a3 Ba5 12. Bb5+ Nc6 13. Nf3 Nge7 14.
O-O O-O 15. Rfe1 a6 16. Be2 h6 17. b4 Bc7 18. Rac1 Ng6 19. Be3 Bf4 20. Bd3 Bxe3
21. Rxe3 Bg4 22. Be4 Rac8 23. h3 Bxf3 24. Bxf3 Rfe8 25. Rce1 Kf8 26. Rxe8+ Rxe8
27. Rxe8+ Kxe8 28. Na4 Nge5 29. Bxc6+ Nxc6 30. Nc5 Nd8 31. Kf1 Ke7 32. Ke2 Kd6
33. Kd3 Kd5 34. h4 a5 35. Kc3 axb4+ 36. Kxb4 Kc6 37. Nd3 f6 38. Nf4 g5 39. Nh5
f5 40. hxg5 hxg5 41. Ng7 f4 42. Kc4 Nf7 43. Ne6 Kd6 44. Nd4 Ne5+ 45. Kb5 g4 46.
f3 Kd5 47. Ne2 gxf3 48. gxf3 Nd3 49. a4 Kd6 50. Kb6 Kd7 51. Nxf4 Nxf4 52. Kxb7
Nd5 53. a5 Nb4 54. f4 Kd6 55. f5 Ke5 56. Kb6 Kxf5 57. Kb5 Nd5 58. Kc5 Nc7 59.
Kb6 Nd5+ 60. Kc6 Nb4+ 1/2-1/2

[Event "Festival SSM A Agosto"]
[Site "Milano ITA"]
[Date "2015.08.03"]
[Round "5"]
[White "Vezzosi, Paolo"]
[Black "Botta, Massimiliano"]
[Result "1-0"]
[WhiteElo "2349"]
[BlackElo "2031"]
[PlyCount "93"]
[EventDate "2015.07.31"]
[SourceDate "2015.08.08"]

1. Nf3 Nf6 2. c4 g6 3. Nc3 Bg7 4. e4 d6 5. d4 O-O 6. Be2 e5 7. d5 a5 8. Bg5 h6
9. Bh4 Na6 10. Nd2 Nc5 11. O-O Bd7 12. Kh1 Qe8 13. g4 Nh7 14. Rg1 Bf6 15. Bg3
Bg5 16. Nb3 Na4 17. Nxa4 Bxa4 18. Qd3 b6 19. h4 Bf4 20. Rg2 Nf6 21. Rag1 Kg7
22. f3 Bxg3 23. Rxg3 Bxb3 24. Qxb3 g5 25. Qe3 Kg6 26. Rh3 Rh8 27. Kg2 Qf8 28.
Bd1 Nd7 29. Ba4 Nc5 30. Bc6 Rd8 31. Rgh1 Qg7 32. Kf2 f6 33. Ke2 Rdg8 34. Kd2
Qf8 35. R3h2 Qc8 36. Kc2 Na6 37. a3 Nb8 38. Ba4 c6 39. Qxb6 cxd5 40. Kb1 Qxc4
41. Bb3 Nd7 42. Qxd6 Qxb3 43. h5+ Kh7 44. Qxd7+ Rg7 45. Qf5+ Kg8 46. Rc1 Qd3+
47. Ka1 1-0

[Event "Festival SSM A Agosto"]
[Site "Milano ITA"]
[Date "2015.08.03"]
[Round "5"]
[White "Motola, Jacopo"]
[Black "Mariano, Elia"]
[Result "0-1"]
[WhiteElo "2164"]
[BlackElo "2210"]
[PlyCount "120"]
[EventDate "2015.07.31"]
[SourceDate "2015.08.08"]

1. g3 f5 2. d4 Nf6 3. Bg2 e6 4. c4 d5 5. Nh3 c6 6. O-O Bd6 7. Bf4 O-O 8. Nd2
Qe7 9. Nf3 Nbd7 10. Bxd6 Qxd6 11. Nf4 dxc4 12. Qc2 b5 13. a4 Nd5 14. e3 Bb7 15.
axb5 cxb5 16. Ng5 Nb4 17. Qe2 Bxg2 18. Kxg2 e5 19. dxe5 Nxe5 20. Rfd1 Nbd3 21.
b3 Qc6+ 22. f3 Nxf4+ 23. gxf4 Nd3 24. bxc4 bxc4 25. Nh3 Rfe8 26. Kh1 Re7 27.
Rg1 Rae8 28. Qg2 g6 29. e4 fxe4 30. fxe4 Qxe4 31. Qxe4 Rxe4 32. Rxa7 Nxf4 33.
Nxf4 Rxf4 34. Rc7 Re2 35. Ra1 Rc2 36. Ra8+ Rf8 37. Rxf8+ Kxf8 38. Rxh7 c3 39.
Rh3 Ke7 40. Kg1 Ke6 41. Kf1 Kd5 42. Ke1 Rc1+ 43. Ke2 Kc4 44. Rg3 Kb3 45. Rxg6
Kc2 46. Kf3 Rf1+ 47. Kg2 Rd1 48. Kf3 Kd2 49. Rd6+ Kc1 50. Rc6 c2 51. Kg4 Rg1+
52. Kh5 Kd2 53. h4 c1=Q 54. Rxc1 Kxc1 55. Kh6 Kd2 56. h5 Ke3 57. Kh7 Kf4 58. h6
Kf5 59. Kh8 Kf6 60. Kh7 Kf7 0-1

[Event "Festival SSM A Agosto"]
[Site "Milano ITA"]
[Date "2015.08.03"]
[Round "5"]
[White "Capone, Vincenzo"]
[Black "Astengo, Corrado"]
[Result "1/2-1/2"]
[WhiteElo "2173"]
[BlackElo "2114"]
[PlyCount "40"]
[EventDate "2015.07.31"]
[SourceDate "2015.08.08"]

1. d4 d5 2. c4 e6 3. Nf3 c6 4. e3 Nf6 5. Nbd2 c5 6. a3 cxd4 7. exd4 Nc6 8. Be2
Be7 9. O-O dxc4 10. Nxc4 O-O 11. Bf4 Nd5 12. Bg3 b6 13. Rc1 Bb7 14. Nce5 Rc8
15. Qa4 Nxe5 16. Nxe5 a6 17. Nc6 Qd7 18. Nxe7+ Qxe7 19. Bf3 b5 20. Qa5 Qd7
1/2-1/2

[Event "Festival SSM A Agosto"]
[Site "Milano ITA"]
[Date "2015.08.03"]
[Round "5"]
[White "Zuliani, Francesco"]
[Black "Corti, Massimo"]
[Result "1/2-1/2"]
[WhiteElo "1877"]
[BlackElo "1938"]
[PlyCount "83"]
[EventDate "2015.07.31"]
[SourceDate "2015.08.08"]

1. e4 e6 2. d4 d5 3. Nc3 Nc6 4. e5 f6 5. Nf3 fxe5 6. Nxe5 Nxe5 7. dxe5 Ne7 8.
Bg5 h6 9. Bh4 c6 10. Bd3 Kd7 11. f4 Kc7 12. b4 Qe8 13. O-O g6 14. Bxe7 Bxe7 15.
Rb1 Rf8 16. Kh1 g5 17. f5 exf5 18. b5 Be6 19. bxc6 bxc6 20. Qd2 Qc8 21. Na4 Kd7
22. c4 Rb8 23. cxd5 cxd5 24. Bb5+ Rxb5 25. Rxb5 Qa6 26. Qa5 Qxa5 27. Rxa5 Rc8
28. Rxa7+ Ke8 29. h3 Rc2 30. Rb1 d4 31. Rb8+ Bc8 32. Nb6 d3 33. Nxc8 d2 34.
Rxe7+ Kd8 35. Rh7 d1=Q+ 36. Kh2 Rxg2+ 37. Kxg2 Qe2+ 38. Kh1 Qf1+ 39. Kh2 Qe2+
40. Kh1 Qe4+ 41. Kg1 Qe1+ 42. Kg2 1/2-1/2

[Event "Festival SSM A Agosto"]
[Site "Milano ITA"]
[Date "2015.08.03"]
[Round "5"]
[White "Cazzaniga, Walter"]
[Black "Pelizzola, Danilo"]
[Result "1-0"]
[WhiteElo "2163"]
[BlackElo "2064"]
[PlyCount "73"]
[EventDate "2015.07.31"]
[SourceDate "2015.08.08"]

1. d4 Nf6 2. c4 e6 3. Nf3 b6 4. g3 Bb7 5. Bg2 Be7 6. O-O O-O 7. d5 exd5 8. Nh4
g6 9. cxd5 d6 10. Nc3 Nbd7 11. e4 Nh5 12. Nf5 Bf6 13. Nh6+ Kh8 14. f4 Bg7 15.
Nf5 gxf5 16. Qxh5 fxe4 17. f5 Nf6 18. Qh3 Re8 19. Bg5 Qd7 20. Qh4 Ng8 21. f6
Bf8 22. Bxe4 h6 23. Bf5 Qd8 24. Rae1 Re5 25. Rxe5 dxe5 26. Be4 c6 27. dxc6 Qd4+
28. Kg2 Ba6 29. Rd1 Qb4 30. Qh5 Qxb2+ 31. Kh1 Bc4 32. Nd5 Qe2 33. Qxe2 Bxe2 34.
Rd2 Bc4 35. Ne7 hxg5 36. c7 Nxe7 37. fxe7 1-0

[Event "Festival SSM A Agosto"]
[Site "Milano ITA"]
[Date "2015.08.03"]
[Round "5"]
[White "Bemporad, Filippo"]
[Black "D'Alfonso, Nicola"]
[Result "0-1"]
[WhiteElo "2042"]
[BlackElo "2038"]
[PlyCount "50"]
[EventDate "2015.07.31"]
[SourceDate "2015.08.08"]

1. d4 f5 2. Nf3 Nf6 3. g3 e6 4. Bg2 c6 5. O-O d5 6. c4 Bd6 7. b3 Qe7 8. Bb2
Nbd7 9. Nc3 b6 10. e3 Bb7 11. Ne2 O-O 12. Nf4 Rfd8 13. Ne5 Bxe5 14. dxe5 Ng4
15. Qd4 Ngxe5 16. Nxe6 Qxe6 17. cxd5 Qf7 18. dxc6 Bxc6 19. Rac1 Rac8 20. Rfd1
Bf3 21. Qd6 Qf6 22. Rxc8 Rxc8 23. Rd2 Qxd6 24. Rxd6 Rc7 25. Rxd7 Rxd7 0-1

[Event "Festival SSM A Agosto"]
[Site "Milano ITA"]
[Date "2015.08.03"]
[Round "5"]
[White "Beltrami, Francesco"]
[Black "Bracci, Andrea"]
[Result "0-1"]
[WhiteElo "1809"]
[BlackElo "1878"]
[PlyCount "120"]
[EventDate "2015.07.31"]
[SourceDate "2015.08.08"]

1. Nf3 d5 2. g3 c6 3. Bg2 Bg4 4. O-O e6 5. b3 Nf6 6. Bb2 Bd6 7. d4 Nbd7 8. Nbd2
O-O 9. c4 a5 10. a3 h6 11. Re1 Bf5 12. Nh4 Bh7 13. Bh1 e5 14. cxd5 cxd5 15.
dxe5 Nxe5 16. Ndf3 Nc6 17. Nd4 Qe7 18. Nb5 Bc5 19. e3 Rfd8 20. Bxf6 gxf6 21.
Nf3 Rac8 22. Nfd4 Ne5 23. Qh5 Qd7 24. Bg2 Bg6 25. Qd1 Bb6 26. a4 Nd3 27. Re2
Nb4 28. Rd2 h5 29. h4 Bc5 30. Kh2 Qe7 31. Bh3 Qe5 32. Nf3 Qb8 33. Bxc8 Qxc8 34.
Rc1 b6 35. Nc3 Qb7 36. Na2 Nc6 37. Nd4 Ne5 38. f3 Qd7 39. Rc3 Qb7 40. Nb5 Kg7
41. Nd4 Rd7 42. Nc2 Qa6 43. b4 Bxc2 44. Rcxc2 axb4 45. Rb2 Bxe3 46. Nxb4 Qb7
47. Rxd5 Bd4 48. Rxd7 Nxf3+ 49. Kh3 Qxd7+ 50. Kg2 Ne5 51. Rd2 Qb7+ 52. Kh3 Bc3
53. Nd5 Bxd2 54. Qxd2 Qd7+ 55. Kh2 Ng4+ 56. Kh1 Qd6 57. Qg2 Qc5 58. Nf4 Qf5 59.
Qg1 Qe4+ 60. Qg2 Qe5 $138 0-1

[Event "Festival SSM A Agosto"]
[Site "Milano ITA"]
[Date "2015.08.03"]
[Round "5"]
[White "Pirrello, Christian"]
[Black "Colombo, Luca"]
[Result "0-1"]
[WhiteElo "1922"]
[BlackElo "1832"]
[PlyCount "92"]
[EventDate "2015.07.31"]
[SourceDate "2015.08.08"]

1. d4 Nf6 2. c4 e5 3. dxe5 Ng4 4. Nf3 Bc5 5. e3 Nc6 6. Be2 O-O 7. O-O Ngxe5 8.
Nc3 Re8 9. b3 a5 10. Bb2 Nxf3+ 11. Bxf3 Ne5 12. Be4 d6 13. h3 c6 14. Bc2 f5 15.
Ne2 Qe7 16. Nd4 Rf8 17. f4 Ng6 18. Qd2 Qf7 19. Nf3 Qe7 20. Bd4 Bxd4 21. Qxd4 h6
22. Rae1 Qc7 23. Nd2 Ne7 24. e4 fxe4 25. Qxe4 Bf5 26. Qxe7 Qxe7 27. Rxe7 Bxc2
28. Rxb7 a4 29. b4 Rfe8 30. Kf2 Bd3 31. Re1 Rxe1 32. Kxe1 Re8+ 33. Kd1 Re2 34.
Rd7 Rxg2 35. Kc1 a3 36. Nf3 Rc2+ 37. Kd1 Rxa2 38. Nd4 Bxc4 39. Rxd6 Rg2 40. Kc1
a2 41. Rd8+ Kf7 42. Ra8 Rg1+ 43. Kb2 Rb1+ 44. Kc3 Bd5 45. Nc2 Rb3+ 46. Kd2 Rxh3
0-1

[Event "Festival SSM A Agosto"]
[Site "Milano ITA"]
[Date "2015.08.04"]
[Round "6"]
[White "Capone, Vincenzo"]
[Black "Vezzosi, Paolo"]
[Result "0-1"]
[WhiteElo "2173"]
[BlackElo "2349"]
[PlyCount "78"]
[EventDate "2015.07.31"]
[SourceDate "2015.08.08"]

1. d4 Nf6 2. c4 c5 3. d5 e5 4. Nc3 d6 5. e4 Be7 6. Bd3 O-O 7. h3 Nbd7 8. g4 h6
9. Be3 Nh7 10. Nf3 Re8 11. Qd2 Ndf8 12. Ne2 Ng5 13. Nxg5 Bxg5 14. Bxg5 Qxg5 15.
Qe3 Ng6 16. Qg3 Bd7 17. O-O h5 18. f4 exf4 19. Nxf4 hxg4 20. Nxg6 fxg6 21. Rf3
Re5 22. hxg4 Qxg4 23. Qxg4 Bxg4 24. Raf1 Rg5 25. Kf2 Bh5 26. a3 a5 27. b3 b6
28. Rb1 Re5 29. Bc2 g5 30. Rf5 Rxf5+ 31. exf5 Re8 32. Bd3 Re5 33. Rg1 g4 34.
Rg3 Kf7 35. Rg1 Kf6 36. Rg3 Kg5 37. Bc2 Kf4 38. Bd3 Re1 39. Kxe1 Kxg3 0-1

[Event "Festival SSM A Agosto"]
[Site "Milano ITA"]
[Date "2015.08.04"]
[Round "6"]
[White "Mariano, Elia"]
[Black "Zuliani, Francesco"]
[Result "1-0"]
[WhiteElo "2210"]
[BlackElo "1877"]
[PlyCount "27"]
[EventDate "2015.07.31"]
[SourceDate "2015.08.08"]

1. d4 Nf6 2. Nc3 d5 3. Bg5 Nbd7 4. Qd3 c6 5. e4 Nxe4 6. Nxe4 dxe4 7. Qxe4 Qa5+
8. Bd2 Qb6 9. O-O-O Nf6 10. Qe5 Be6 11. Ba5 Ng4 12. Qe1 g6 13. Bxb6 axb6 14. a3
1-0

[Event "Festival SSM A Agosto"]
[Site "Milano ITA"]
[Date "2015.08.04"]
[Round "6"]
[White "D'Alfonso, Nicola"]
[Black "Botta, Massimiliano"]
[Result "1/2-1/2"]
[WhiteElo "2038"]
[BlackElo "2031"]
[PlyCount "55"]
[EventDate "2015.07.31"]
[SourceDate "2015.08.08"]

1. c3 Nf6 2. f4 g6 3. Nf3 Bg7 4. d3 O-O 5. e4 d6 6. Be2 c6 7. O-O Nbd7 8. a4 e5
9. Kh1 exf4 10. Bxf4 Nc5 11. Bg5 Ne6 12. Bh4 Qb6 13. Qd2 Ng4 14. a5 Qc7 15. Ng5
Nc5 16. Bxg4 Bxg4 17. Qc2 f5 18. e5 h6 19. exd6 Qxd6 20. d4 hxg5 21. dxc5 Qxc5
22. Bxg5 Rfe8 23. Nd2 Re2 24. Qb3+ Kh8 25. Rae1 Rae8 26. Rxe2 Bxe2 27. Rg1 Qe5
28. Qxb7 1/2-1/2

[Event "Festival SSM A Agosto"]
[Site "Milano ITA"]
[Date "2015.08.04"]
[Round "6"]
[White "Bracci, Andrea"]
[Black "Corti, Massimo"]
[Result "1-0"]
[WhiteElo "1878"]
[BlackElo "1938"]
[PlyCount "61"]
[EventDate "2015.07.31"]
[SourceDate "2015.08.08"]

1. e4 e6 2. d4 d5 3. Nd2 Nc6 4. Ngf3 Nf6 5. e5 Nd7 6. Be2 f6 7. exf6 Nxf6 8.
Nf1 Bd6 9. Ne3 e5 10. dxe5 Nxe5 11. O-O Be6 12. Nd4 Bf7 13. Nef5 Bf8 14. f4
Ned7 15. Re1 Ne4 16. Bf3 Ndf6 17. g4 g6 18. Ng3 Bc5 19. g5 O-O 20. gxf6 Qxf6
21. c3 Nd6 22. Kg2 h5 23. Nb3 Bb6 24. Bxd5 h4 25. Ne4 h3+ 26. Kh1 Qf5 27. Bxf7+
Nxf7 28. Ng3 Qb5 29. Qf3 Ne5 30. Qe4 Ng4 31. Qxg6+ 1-0

[Event "Festival SSM A Agosto"]
[Site "Milano ITA"]
[Date "2015.08.04"]
[Round "6"]
[White "Colombo, Luca"]
[Black "Motola, Jacopo"]
[Result "0-1"]
[WhiteElo "1832"]
[BlackElo "2164"]
[PlyCount "94"]
[EventDate "2015.07.31"]
[SourceDate "2015.08.08"]

1. e4 d5 2. exd5 Nf6 3. Bb5+ c6 4. dxc6 bxc6 5. Be2 e5 6. d3 Bc5 7. Nf3 e4 8.
dxe4 Qxd1+ 9. Bxd1 Nxe4 10. O-O Ba6 11. Nbd2 Nxf2 12. Rxf2 f5 13. c4 O-O 14.
Kf1 Bxf2 15. Kxf2 Nd7 16. b3 Nc5 17. Bc2 Ne6 18. Bb2 Rad8 19. Re1 Bc8 20. Bc3
Nf4 21. Re7 Rd7 22. Rxd7 Bxd7 23. g3 Ne6 24. Ne5 Be8 25. Ndf3 g5 26. Nd4 Nxd4
27. Bxd4 a6 28. Nd3 f4 29. g4 Bg6 30. Bb6 h5 31. h3 hxg4 32. hxg4 Rf7 33. Nb4
Bxc2 34. Nxc2 Rh7 35. Nb4 Rh4 36. Nxa6 Rxg4 37. Nc5 Rh4 38. a4 g4 39. Nd3 Rh3
40. Nc5 Rh2+ 41. Kg1 Ra2 42. Ne6 f3 43. Nd4 Kg7 44. Kf1 Kf6 45. Ke1 f2+ 46. Kf1
g3 47. Bd8+ Kf7 0-1

[Event "Festival SSM A Agosto"]
[Site "Milano ITA"]
[Date "2015.08.04"]
[Round "6"]
[White "Pelizzola, Danilo"]
[Black "Bemporad, Filippo"]
[Result "1-0"]
[WhiteElo "2064"]
[BlackElo "2042"]
[PlyCount "103"]
[EventDate "2015.07.31"]
[SourceDate "2015.08.08"]

1. e4 c5 2. Nf3 d6 3. d4 cxd4 4. Nxd4 Nf6 5. Nc3 e6 6. g3 Be7 7. Bg2 O-O 8. O-O
a6 9. b3 Qc7 10. Bb2 Nc6 11. Nce2 Bd7 12. c4 Rac8 13. Rc1 Qb8 14. Nc3 Rfd8 15.
Re1 Ne8 16. Nc2 Bf6 17. Ne3 Qa7 18. Re2 Ne5 19. Rd2 Bg5 20. Qe2 Bxe3 21. fxe3
b5 22. cxb5 axb5 23. a3 Rb8 24. Na2 Rdc8 25. Rcd1 b4 26. a4 Bc6 27. Rd4 Bb7 28.
h3 Nc6 29. R4d2 Ba6 30. Qf2 Qc5 31. Rc2 Qa5 32. Bf1 Bb7 33. Rcd2 Ne5 34. Bg2
Ba6 35. Nc1 Rc6 36. Bf1 Nf6 37. Rd4 Rbc8 38. Bg2 Bb7 39. Rxd6 Rxd6 40. Rxd6
Nxe4 41. Bxe4 Bxe4 42. Qf4 Qc5 43. Qxe5 Qxe3+ 44. Kf1 Qf3+ 45. Ke1 Qh1+ 46. Kd2
Qg2+ 47. Ke3 Qf3+ 48. Kd4 Qf2+ 49. Kxe4 f5+ 50. Kd3 Qf3+ 51. Kd2 Qf2+ 52. Ne2
1-0

[Event "Festival SSM A Agosto"]
[Site "Milano ITA"]
[Date "2015.08.05"]
[Round "7"]
[White "Vezzosi, Paolo"]
[Black "Bracci, Andrea"]
[Result "1-0"]
[WhiteElo "2349"]
[BlackElo "1878"]
[PlyCount "85"]
[EventDate "2015.07.31"]
[SourceDate "2015.08.08"]

1. Nf3 d5 2. g3 c6 3. Bg2 Bg4 4. b3 e6 5. Bb2 Nd7 6. d3 Ngf6 7. Nbd2 Be7 8. h3
Bxf3 9. Nxf3 O-O 10. O-O a5 11. e3 Qb6 12. Rb1 Rfe8 13. c4 Bf8 14. Qc2 e5 15.
Nd2 Rac8 16. a3 Bd6 17. b4 axb4 18. axb4 Qd8 19. c5 Bc7 20. e4 Qe7 21. Ra1 Ra8
22. Ra4 Rxa4 23. Qxa4 Nb8 24. exd5 cxd5 25. Qb5 Qd7 26. Qxb7 Nc6 27. Ra1 h5 28.
Ra8 Rxa8 29. Qxa8+ Kh7 30. b5 Nb4 31. b6 Nxd3 32. bxc7 Qxc7 33. Qa3 Nxb2 34.
Qxb2 Qxc5 35. Qxe5 Qc1+ 36. Nf1 Qd1 37. Qf5+ Kg8 38. Bf3 Qb3 39. Ne3 d4 40. Nd5
Nxd5 41. Bxd5 Qd1+ 42. Kg2 d3 43. Bxf7+ 1-0

[Event "Festival SSM A Agosto"]
[Site "Milano ITA"]
[Date "2015.08.05"]
[Round "7"]
[White "Astengo, Corrado"]
[Black "Mariano, Elia"]
[Result "1/2-1/2"]
[WhiteElo "2114"]
[BlackElo "2210"]
[PlyCount "52"]
[EventDate "2015.07.31"]
[SourceDate "2015.08.08"]

1. e4 Nc6 2. Nf3 Nf6 3. e5 Ng4 4. d4 d5 5. h3 Nh6 6. c3 g6 7. Bf4 f6 8. Bb5 Bg7
9. exf6 exf6 10. Qe2+ Kf7 11. O-O Re8 12. Qd2 Nf5 13. Na3 Nd6 14. Bxd6 Qxd6 15.
Bd3 Be6 16. Rfe1 a6 17. Re2 Re7 18. Rae1 Rae8 19. Nc2 Na5 20. b3 Nc6 21. c4 Nd8
22. c5 Qd7 23. Qf4 Kg8 24. h4 Bf7 25. Ne3 Ne6 26. Qg4 Nf8 1/2-1/2

[Event "Festival SSM A Agosto"]
[Site "Milano ITA"]
[Date "2015.08.05"]
[Round "7"]
[White "Cazzaniga, Walter"]
[Black "Motola, Jacopo"]
[Result "0-1"]
[WhiteElo "2163"]
[BlackElo "2164"]
[PlyCount "80"]
[EventDate "2015.07.31"]
[SourceDate "2015.08.08"]

1. d4 d5 2. c4 e6 3. Nc3 Nf6 4. Bg5 c6 5. e3 h6 6. Bh4 Be7 7. Nf3 a6 8. Bd3
dxc4 9. Bxc4 b5 10. Bb3 c5 11. dxc5 Qxd1+ 12. Rxd1 Bxc5 13. O-O Nbd7 14. Rc1
Bb7 15. Rfd1 Rc8 16. Nd4 g5 17. Bg3 Nh5 18. Nxe6 fxe6 19. Bxe6 Rh7 20. Bf5 Rg7
21. Be5 Re7 22. Bg6+ Kd8 23. Bxh5 Rxe5 24. Bg4 Rc7 25. Ne2 Ke7 26. b4 Nf6 27.
Bf3 Bxf3 28. gxf3 Bb6 29. Rxc7+ Bxc7 30. Nd4 Rd5 31. e4 Rd7 32. Nf5+ Ke6 33.
Rc1 Nh5 34. Nxh6 Bd6 35. a3 Rc7 36. Rd1 Rc3 37. Nf5 Be5 38. h4 gxh4 39. Nxh4
Rxa3 40. Ng6 Ra1 0-1

[Event "Festival SSM A Agosto"]
[Site "Milano ITA"]
[Date "2015.08.05"]
[Round "7"]
[White "Zuliani, Francesco"]
[Black "D'Alfonso, Nicola"]
[Result "0-1"]
[WhiteElo "1877"]
[BlackElo "2038"]
[PlyCount "60"]
[EventDate "2015.07.31"]
[SourceDate "2015.08.08"]

1. e4 d5 2. Nc3 d4 3. Nce2 e5 4. Nf3 Nc6 5. d3 h6 6. g3 Bg4 7. Nd2 Qd7 8. Bg2
O-O-O 9. O-O g5 10. Nc4 b5 11. Nd2 Be7 12. a4 b4 13. a5 h5 14. f3 Bh3 15. a6
Bxg2 16. Kxg2 g4 17. f4 h4 18. f5 Nf6 19. Nc4 Rh5 20. Bd2 hxg3 21. Nxg3 Rh3 22.
Bg5 Rg8 23. Bxf6 Bxf6 24. Rh1 Bh4 25. Qd2 f6 26. Na5 Bxg3 27. hxg3 Qh7 28. Nxc6
Rh8 29. Nxa7+ Kd7 30. Qxb4 Rh2+ 0-1

[Event "Festival SSM A Agosto"]
[Site "Milano ITA"]
[Date "2015.08.05"]
[Round "7"]
[White "Pelizzola, Danilo"]
[Black "Beltrami, Francesco"]
[Result "1-0"]
[WhiteElo "2064"]
[BlackElo "1809"]
[PlyCount "131"]
[EventDate "2015.07.31"]
[SourceDate "2015.08.08"]

1. e4 c5 2. Nf3 Nc6 3. d4 cxd4 4. Nxd4 Nf6 5. Nc3 e5 6. Ndb5 d6 7. Nd5 Nxd5 8.
exd5 Ne7 9. c3 Nf5 10. Bd3 a6 11. Qa4 Bd7 12. Bxf5 Bxb5 13. Qb4 Bd7 14. Bxd7+
Qxd7 15. O-O Be7 16. b3 a5 17. Qb6 Ra6 18. Qe3 Bd8 19. a4 f5 20. Kh1 f4 21. Qe4
O-O 22. f3 Bb6 23. Bd2 Rf6 24. Be1 Rh6 25. g4 fxg3 26. Bxg3 Qh3 27. Qg4 Qxg4
28. fxg4 Rg6 29. Rf3 Bd8 30. Raf1 Rf6 31. Kg2 Ra8 32. c4 Rxf3 33. Kxf3 Bb6 34.
Ke4 Rf8 35. Rf5 g6 36. Rxf8+ Kxf8 37. Be1 Bg1 38. h3 b6 39. b4 axb4 40. Bxb4
Ke7 41. Bd2 Bc5 42. Bh6 Kf6 43. Bc1 g5 44. Bd2 h6 45. Be1 Kg6 46. Bc3 Kf6 47.
Bd2 Kg6 48. Be1 Kf6 49. h4 gxh4 50. Bxh4+ Kg6 51. Bd8 h5 52. gxh5+ Kxh5 53. Kf5
Kh6 54. Bf6 Kh7 55. Bxe5 dxe5 56. Kxe5 Kg7 57. Ke6 Kf8 58. Kd7 Kf7 59. Kc6 Bf2
60. Kc7 Ke8 61. d6 Bg3 62. Kxb6 Bxd6 63. a5 Kd8 64. a6 Bf4 65. a7 Be3+ 66. c5
1-0